000 00916nam a22002297a 4500
999 _c64063
_d64063
005 20240530110712.0
008 180212s2016 ua g b 000 0 ara d
017 _a19321
_bمصر. دار الكتب
020 _a9789773833182
040 _aEG-CaGPL
_cEG-CaGPL
082 0 4 _221
_a940.1 /
_bم م
100 0 _aمحمد مصطفى الغوج
245 1 0 _aموضوعات فى التاريخ الاوربى الوسيط .
_nالجزء الاول /
_cتاليف محمد مصطفى الغوج
250 _aط. 1
260 _aالقاهرة :
_bايتراك للطباعة و النشر و التوزيع ،
_c2016.
300 _a208 ص. ؛
_c24 سم.
504 _aيشتمل على ارجاعات ببليوجرافية
651 0 7 _2qrmak
_aاوربا
_xتاريخ
651 0 7 _2qrmak
_aاوربا
_xتاريخ
_yالعصور الوسطى
942 _2ddc
_cBK